000 00467nam a22001697a 4500
005 20180727143226.0
008 160513b xxu||||| |||| 00| 0 eng d
020 _a81-203-2042-5
041 _aeng
082 _b1925
_a658.3
100 _aPaul , Hersey and others
_94643
245 _aManagement of Organizational Behaviour:leading human resource
260 _aNew Delhi
_bPrentice hall of India,
_c2001
300 _a516p,
650 _aManagement
_9241
942 _cBK
999 _c727
_d727